000 00811nac a22003130a 4500
001 PT230
003 AR-LpoUNG
005 20210201004708.0
008 201001s1981||||ag |||||||||||||||||spa d
037 _c$270
040 _aAR-LpoUNG
_bspa
_eaacr
041 _aspa
044 _aag
082 0 _aR982 569v1
100 1 _aDifrieri, Horacio A.
245 1 0 _aAtlas de Buenos Aires :
_btextos
260 _aBuenos Aires :
_bMunicipalidad de la Ciudad de Buenos Aires,
_c1981.
300 _a529 p. :
_bil., gráfs.
_a(2
_fVolúmenes)
_3Impreso
490 0 _aAtlas de Buenos Aires
650 4 _aARGENTINA
650 4 _aATLAS
650 4 _aCARTOGRAFIA
650 4 _aFITOGEOGRAFIA
650 4 _aHIDROGRAFIA
650 4 _aHISTORIA NACIONAL
651 4 _aArgentina
905 _a230
942 _cLSALA
999 _c47257
_d47257